00319nam a2200109Ia 4500008004100000082001500041100001700056245006800073260004300141300000900184650001600193191201s2005 xx 000 0 und d a621.3bMOP aMOORTHI, V R 0aPower Electronics Devices, Circuits and Industrial Applications aN.DelhibOxford University Pressc2005 a1013 aB.Tech(ECE)